Представление документа в формате RUSMARC

ПолеНазваниеЗначение
  Тип записи a
  Библиографический уровень m
001 Контрольный номер RU/УОНБ/EK/300798905
005 Дата корректировки 20251008172448.9
010 Индекс ISBN __
a ISBN 5-7636-0783-X
d Цена 60 р.
9 Тираж 200 экз.
100 Данные общей обработки __
a Данные общей обработки 20090713d2005 k y0rusy0189||||ca
101 Язык документа 0_
a Язык текста rus
102 Страна публикации __
a Страна публикации RU
105 Кодированные данные (монография) __
a Кодированные данные (монография) y j 000yy
200 Заглавие и сведения об ответственности 1_
a Заглавие Элементы автоматических устройств
e Сведения, относящиеся к заглавию учеб. пособие
f Первые сведения об ответственности Е.М. Яричин
g Последующие сведения об ответственности Федерал. агентство по образованию, Краснояр. гос. техн. ун-т
210 Выходные данные 1_
a Место издания Красноярск
c Издательство ИПЦ КГТУ
d Дата издания 2005
215 Физическое описание __
a Объем 256 с.
c Иллюстрации/тип воспроизводства ил.
d Формат 20 см
320 Библиография __
a Библиография Библиогр.: с. 254
606 Тематические рубрики 0_
a Основная рубрика Автоматические системы
j Формальный подзаголовок Учебники и пособия для вузов
610 Ключевые слова 0_
a Ключевые слова автоматические устройства
686 Индексы других классификаций __
a Классификационный индекс 32.96
2 Код системы rubbk
700 Автор _1
a Фамилия Яричин
b Имя (инициалы) Е.М.
712 Наименование организации (Вторичная ответственность) 02
a Организация/ юрисдикция Красноярский государственный технический университет
4 Код отношения 570
801 Источник записи _0
a Страна RU
b Организация Ульяновская ОНБ
c Дата составления 20090713
g Правила каталогизации RCR
801 Источник записи _1
a Страна RU
b Организация Ульяновская ОНБ
c Дата составления 20090713
g Правила каталогизации RCR
901 Тип документа __
t Тип документа m
938 Служебная информация __
a Имя БД books
b Имя библиотеки УОНБ
c Имя АИБС МАРК-SQL
d Номер DOC_ID в БД 119759